Využitie tlmiviek v elektroenergetike
Gespeichert in:
| 1. Verfasser: | |
|---|---|
| Weitere Verfasser: | |
| Format: | Manuskript Buch |
| Sprache: | Slowakisch |
| Veröffentlicht: |
2016
|
| Schlagworte: | |
| Online-Zugang: | http://is.stuba.sk/zp/portal_zp.pl?podrobnosti=131123 |
| Tags: |
Keine Tags, Fügen Sie das erste Tag hinzu!
|
MARC
| LEADER | 00000ntm a22000003a 4500 | ||
|---|---|---|---|
| 001 | stuzp56826 | ||
| 003 | SK-STU | ||
| 005 | 20160721100754.7 | ||
| 007 | ta | ||
| 008 | 150427s2015----xo-----f-mn---000-0-slo-d | ||
| 040 | |a STU |b slo | ||
| 041 | 0 | |a slo | |
| 044 | |a xo | ||
| 100 | 1 | |a Gelušiak, Radovan |u 032000 |4 aut |U FEI Fakulta elektrotechniky a informatiky |T FEI Ústav elektroenergetiky a aplikovanej elektrotechniky |X 46208 |U E020 |Y 548 |7 46208 | |
| 242 | 0 | 1 | |a Application of reactors in Electrical Power Engineering |y eng |
| 245 | 1 | 0 | |a Využitie tlmiviek v elektroenergetike |
| 260 | |c 2016 | ||
| 300 | |a 71 s. | ||
| 650 | 4 | |a skrat |2 slo | |
| 650 | 4 | |a kompenzácia |2 slo | |
| 650 | 4 | |a tlmivka |2 slo | |
| 650 | 4 | |a kvalita elektrickej energie |2 slo | |
| 650 | 4 | |a zemné spojenie |2 slo | |
| 650 | 4 | |a earth fault |2 eng | |
| 650 | 4 | |a compensation |2 eng | |
| 650 | 4 | |a quality of electrical energy |2 eng | |
| 650 | 4 | |a short circuit |2 eng | |
| 650 | 4 | |a reactor |2 eng | |
| 700 | 1 | |a Beláň, Anton |u 032000 |k Z1 |4 ths |U FEI Fakulta elektrotechniky a informatiky |T FEI Ústav elektroenergetiky a aplikovanej elektrotechniky |X 2032 |U E020 |Y 548 |7 A000002032 | |
| 856 | 4 | |u http://is.stuba.sk/zp/portal_zp.pl?podrobnosti=131123 | |
| 996 | |b 284ER02052 |c E*Bc- 2052 |l EE32 |s P |a 0 |w stuzp56826_0001 | ||
| SQL | |a stuzp56826 |b DBP |c SLO |d Využitie tlmiviek v elektroenergetike |e 46208 |f Gelušiak, Radovan |g 032000 |h 2032 |i Beláň, Anton |j 20160707 |k 1147 |l 03 |m http://is.stuba.sk/zp/portal_zp.pl?podrobnosti=131123 |n B-ENE |o 5.2.9. elektrotechnika | ||